Statystyki dla Piosenki Trzech Króli-PŁYTA (EKIPA)

Kliknij tutaj aby rozwiązać quiz!

Ogólne statystyki

  • Ten quiz został rozwiązany 114 razy
  • Średni wynik to 8 z 10

Statystyki odpowiedzi

Odpowiedź% Poprawnych
Afryka
95%
Fatamorgana
94%
Zobacz Mamo
85%
Obywatel Świata
83%
Akropol
82%
Mały Wóz
74%
Fan
65%
Dla Fanek Vanilli
62%
Jestem Już Blisko
61%
Nie Mam Planu
55%

Rozkład punktacji

Percentyl według liczby udzielonych odpowiedzi

Procent ludzi z każdym wynikiem

Twoja historia wyników

Nie rozwiązałeś tego quizu